Statistiques concernant les touches du clavier -facile

Cliquez ici pour prendre le quiz!

Statistiques générales

  • Ce quiz a été pris 257 fois
  • Le résultat moyen est 43 sur 47

Statistiques - réponses

CaractèreRéponse% Correct
aa
100%
àà
100%
éé
100%
èè
100%
ee
100%
dd
98%
rr
98%
tt
98%
yy
98%
zz
98%
bb
97%
çç
97%
cc
97%
ff
97%
ii
97%
oo
97%
pp
97%
qq
97%
uu
97%
ùù
97%
gg
96%
jj
96%
kk
96%
ll
96%
mm
96%
ss
96%
ww
96%
hh
95%
nn
95%
vv
95%
xx
95%
11
92%
22
92%
33
92%
44
92%
55
92%
66
92%
77
92%
88
92%
00
91%
99
90%
££
84%
°°
82%
§§
72%
µµ
63%
²²
63%
¤¤
59%

Distribution des résultats

Percentile par nombre de réponses

% des personnes avec chaque résultat

Votre développement - résultats

Vous n’avez pas pris ce quiz